| 000 | 00400nam a2200169Ia 4500 | ||
|---|---|---|---|
| 001 | 6669 | ||
| 003 | Ost | ||
| 005 | 20260507154940.0 | ||
| 008 | 251113s9999||||xx |||||||||||||| ||eng|| | ||
| 040 | _cnitttr | ||
| 041 | _aeng | ||
| 082 |
_a620.1 _bG959M |
||
| 100 | _aGupta, D. R. | ||
| 245 | 0 |
_aMaterial science and processes / _cGupta, D. R., Rajput, R. K. |
|
| 700 | _a Rajput, R. K. | ||
| 942 | _cBK | ||
| 999 |
_c6564 _d6564 |
||